00881nam a22001697a 4500008004100000020001500041050001700056100002100073245007100094260004700165300003100212505029900243700002100542942001200563999001600575952012000591190807b xxu||||| |||| 00| 0 eng d a0809209101 aHF5429.26.G7 aGrebel, Rosemary aContemporary's: make your mark in retail jobs. /cRosemary Grebel. aIllinois:bContemporary books Inc.,c1997. aiv, 124 p.:bill.;c28 cm. aContents: No waiting on register three! -- Looking for anything special? -- Do you have an account? -- Would you like something else? -- Who will set the alarm? -- The department looks great! -- Cleanup on aisle 10B -- May I have your order? -- Are you accepting applications? -- A new manager. aPogrund, Phyllis 2lcccBK c6887d14387 00102lcc4070aWIUC-1bWIUC-1cGENd2019-08-07l0oHF5429.26.G7p7277/302/13r2019-08-07 00:00:00w2019-08-07yBK